Rick Riordan Books Quiz - Statistics

General Stats
  • This quiz has been taken 85 times
  • The average score is 13 of 23
Answer Stats
Hint Answer % Correct
PJO 2 The sea of monsters.
90%
PJO 1 The lightning thief.
89%
HOO 1 The lost hero
79%
PJO 3 The Titan's Curse
79%
PJO 5 The last olympian
78%
PJO 4 The battle of the labyrinth
76%
HOO 2 the son of neptune
75%
HOO 3 The mark of athena
72%
HOO 4 the house of hades
69%
HOO 5 the blood of olympus
65%
PJO 6 The Chalice of the gods
54%
KC 1 the red pyramid
51%
MGC 1 the sword of summer
51%
MGC 3 the ship of the dead
49%
TOA 5 the tower of nero
49%
MGC 2 the hammer of thor
47%
TOA 3 the burning maze
40%
KC 3 the serpents shadow
39%
TOA 1 the hidden oracle
36%
KC 2 the throne of fire
33%
TOA 2 the dark prophecy
31%
TOA 4 the tyrants tomb
28%
PJO 7 The wrath of the triple goddesses.
8%
No matching quizzes found
Score Distribution
Percent of People with Each Score
Percentile by Number Answered
Your Score History
You have not taken this quiz